Návrh pracoviska pre mechanizované zváranie obvodových zvarových spojov komôr parných kotlov : Diplomová práca

Salvato in:
Dettagli Bibliografici
Autore principale: Šály, Jozef (Autore)
Altri autori: Slušný, Stanislav (xxx)
Natura: Manoscritto Libro
Lingua:slovacco
Pubblicazione: Trnava : STU v Bratislave MtF KZZPM, 1990
Soggetti:
Tags: Aggiungi Tag
Nessun Tag, puoi essere il primo ad aggiungerne!!

MARC

LEADER 00000ntm a22000003a 4500
001 stu80656
005 20160719154951.3
008 030529s1990----xo------------------slo-d
040 |a STU  |b slo 
041 0 |a slo 
044 |a xo 
100 1 |a Šály, Jozef  |4 aut 
245 1 |a Návrh pracoviska pre mechanizované zváranie obvodových zvarových spojov komôr parných kotlov :  |b Diplomová práca 
260 |a Trnava :  |b STU v Bratislave MtF KZZPM,  |c 1990 
300 |a 73 s  |c abstr. + príl. 
650 7 |a mechanizované zváranie  |2 stusub 
650 7 |a komory parných kotlov  |2 stusub 
650 7 |a strojárske technológie  |2 stusub 
700 1 |a Slušný, Stanislav  |4 xxx 
996 |b 284M042165  |c M*DP-2165  |l MMSKP  |s P  |a 0  |w stu80656_0001